000 00224nam a22000857a 4500
008 161217b xxu||||| |||| 00| 0 eng d
100 _92106
_aAggarwal. V.P Et.Al
245 _aBiology . Lab Class XI
260 _aNew Delhi
_bAPC
_c2011
999 _c4990
_d4990